000 01373cab a2200409 4500
001 WB3125-21
008 090401t1995 xxu||||| |||| 00| 0 eng d
035 _a(Sirsi) u15210
041 _aeng
245 _aHousing white paper
260 _c1995
350 _a0
490 _aIndependent
_v28 June 1995, 8
490 _aTimes
_v28 June 1995, 11
490 _aFinancial Times
_v28 June 1995, 10&22
490 _aRICS Press Release
_v(PR82/95RES) 27 June 1995 (7)
520 _aThe White Paper includes proposals for cash grants for housing association tenants to buy their property, right to buy for all social housing tenants, housing investment trusts for investors to buy private rented housing, private sector to compete for housing association grants and the renovation of existing council stock.
650 _aEVICTION
650 _aHOME OWNERSHIP
650 _aHOUSING ASSOCIATIONS
650 _aHOUSING INVESTMENT TRUSTS
650 _aHOUSING WHITE PAPER
650 _aINSTITUTIONAL INVESTMENT
650 _aINVESTMENT
650 _aMIRAS
650 _aMORTGAGES
650 _aNATIONWIDE
650 _aOWNER-OCCUPATION
650 _aPRIVATE RENTED ACCOMMODATION
650 _aRENT ARREARS
650 _aRIGHT-TO-BUY
650 _aTAX RELIEF
650 _aWHITE PAPER
690 _aHOUSING
942 _n0
948 _c04/03/1997
999 _c9947
_d9947